LEADER 01258nam a2200313 a 4500 001 000000128929 003 CaOOAMICUS 005 20120518150345.0 008 120518s2011 it u000 u ita r 020 $a978-88-420-5247-0 040 $aPUL$bita 082 04$a185 100 1 $aReale, Giovanni,$d1931-2014.$0(OLS)http://pul/name/667 245 10$aGuida alla lettura della Metafisica di Aristotele /$cGiovanni Reale. 250 $a5. ed. 260 $aBari :$bLaterza,$c2011. 300 $a223 p. ;$c21 cm. 490 1 $aGuide ai classici ;$v02 504 $aBibliografia: p. [201]-213. 600 04$aAristoteles,$d384-322 a.C.$tMetaphysica$xCritica e interpretazione.$0(OLS)http://pul/subject/15049 830 0$aGuide ai classici ;$v02.$0(OLS)http://pul/title/85063 850 $aPUL 852 $aPUL$W1$xSL Filosofia 3$y81$m185 REAGI 1$j149319$qDDC 21$B147842$CPULBib$Z2$F147842 $H119891 $82 941 1 $a9 996 $6020$a978-88-420-5247-0$9(OLS)http://pul/number/149711 996 $6082$a185$9(OLS)http://pul/classification/314 996 $6245$aGuida alla lettura della Metafisica di Aristotele$9(OLS)http://pul/title/162923 996 $6260$aBari :$bLaterza$9(OLS)http://pul/publisher/47895 LEADER 01135nam a2200229 u 4500 001 000000008467 003 CaOOAMICUS 005 20070226105110.0 008 941111s1625 be u000 u lat u 035 $a10218299 040 $aPUL$bita 100 1 $aEulard, Pierre,$cS.I.,$d1564-1636.$0(OLS)http://pul/name/8460 245 10$aBibliorum Sacrorum concordantiae morales et historicae:$bconcionatoribus in primis atque universis S. Scripturae studiosis utilissimae.. 260 $aAntverpiae :$bex off. Plantiniana,$c1625. 300 $a[8], 936, [2] p. ;$c25 cm 500 $aFront. con incis. Marca tipogr. in fine. 630 04$aBiblia$xConcordanze.$0(OLS)http://pul/subject/7243 850 $aPUL 852 $aPUL$W1$xDP1 Antico 600$y25$m1(7) H 11$j11961$nBK-PRI$b $qStampati Antico$B11961$CPULBib$Z2$F11961 $H $81 941 1 $a15 996 $6245$aBibliorum Sacrorum concordantiae morales et historicae: :$bconcionatoribus in primis atque universis S. Scripturae studiosis utilissimae..$9(OLS)http://pul/title/12407 996 $6260$aAntverpiae :$bex off. Plantiniana$9(OLS)http://pul/publisher/52129 LEADER 01520nam a2200361 u 4500 001 000000074286 003 CaOOAMICUS 005 20070226122438.0 008 021203s1988 gw u000 u eng u 020 $a3161453492 035 $a10947114 040 $aPUL$bita 100 1 $aGreen, Joel B.$0(OLS)http://pul/name/48818 245 14$aThe death of Jesus :$btradition and interpretation in the Passion narrative /$cby Joel B. Green. 260 $aTübingen :$bMohr Siebeck,$c1988. 300 $aix, 351 p. ;$c21 p. ; 490 1 $aWissenschaftliche Untersuchungen zum Neuen Testament.$aReihe 2 ;$v33 500 $aContiene indice analitico. 504 $aBibliografia in nota. 600 04$aIesus Christus$xPassione.$0(OLS)http://pul/subject/1278 650 4$aCristologia.$0(OLS)http://pul/subject/1402 830 0$aWissenschaftliche Untersuchungen zum Neuen Testament.$nReihe 2 ;$v33.$0(OLS)http://pul/title/264 850 $aPUL 852 $aPUL$W1$xSL Religione 1$y3$m16 I 33$j95845$nBK-PRI$b $qStampati$B95845$CPULBib$Z2$F95845 $H $81 941 1 $a8 960 $aPassione$91278 960 $aPassione$91278 960 $aIesus Christus$91402 960 $aIesus Christus$91402 961 $aINV: 89569 996 $6020$a3161453492$9(OLS)http://pul/number/96224 996 $6245$aThe death of Jesus :$btradition and interpretation in the Passion narrative$9(OLS)http://pul/title/97576 996 $6260$aTübingen :$bMohr Siebeck$9(OLS)http://pul/publisher/52004